000 00607nam a22002297a 4500
003 UA-OsUOA
001 36354
007 ta
008 20060913b un ||||| |||| 00| 0 ukr d
100 _aКрасноштан Ю.
090 _a82-32
_bК78
942 _cBK
040 _aUA-OsUOA
_bukr
_cUA-OsUOA
_dUA-OsUOA
245 _aСилуети
_b50 розповідей про українців
300 _a492 с.
955 _a1
041 _aukr
080 _a82-32
260 _aЕдмонтон
_c1996
650 7 _a82 Література. Літературознавство
_2UDC
999 _c434884
_d434884